Effectifs Real Madrid 24/25 - Statistiques

Statistiques générales
  • Ce quiz a été pris 141 fois
  • Le résultat moyen est 18 sur 22
Statistiques - réponses
Poste Joueur % Correct
Gardien Thibault Courtois
99%
Attaquant Kylian Mbappé
98%
Attaquant Vinicius Junior
97%
Gardien Andriy Lunin
94%
Milieu Aurélien Tchouaméni
94%
Milieu Eduardo Camavinga
94%
Attaquant Rodrygo
94%
Milieu Luka Modric
93%
Défenseur Antonio Rudiger
92%
Défenseur Daniel Carvajal
92%
Défenseur Eder Militao
87%
Défenseur Ferland Mendy
86%
Milieu Jude Bellingham
86%
Milieu Federico Valverde
81%
Attaquant Endrick
77%
Défenseur David Alaba
76%
Attaquant Arda Guler
71%
Défenseur Lucas Vasquez
70%
Milieu Brahim Diaz
64%
Milieu Dani Ceballos
60%
Défenseur Fran Garcia
59%
Défenseur Jesus Vallejo
33%
Aucun quiz correspondant
Distribution des résultats
% des personnes avec chaque résultat
Percentile par nombre de réponses
Votre historique - résultats
Vous n’avez pas pris ce quiz